Normal view
MARC view
- Ali Waliuddin
Entry Personal Name
001 - CONTROL NUMBER
- control field: 48446
003 - CONTROL NUMBER IDENTIFIER
- control field: NUST
005 - DATE AND TIME OF LATEST TRANSACTION
- control field: 20210314134044.0
008 - FIXED-LENGTH DATA ELEMENTS
- fixed length control field: 210314|| aca||aabn | a|a d
040 ## - CATALOGING SOURCE
- Original cataloging agency: NUST
- Transcribing agency: NUST
100 ## - HEADING--PERSONAL NAME
- Personal name: Ali Waliuddin
670 ## - SOURCE DATA FOUND
- Source citation: Work cat.: (NUST): Ali Waliuddin , The Feasibility of Use of Stone Mastic Asphalt in Pakistan Environments , 16-07-2000
